00457nam a22001577a 450000500170000000800410001704000070005804100120006508200210007710000250009824500360012326000400015936500540019944000130025365000330026620250102111441.0241228b ||||| |||| 00| 0 eng d cAL aEnglish 223a348.04bEASS aEastern Book Company aSupreme Court Cases 2008: Vol 5 aLucknowbEastern Book Comapnyc2008 a1061b₹959.52c₹d₹1279.36e25%f28-11-2024 aVolume 5 aMode of Citation(2008) 5 SCC